000 00974cab a2200253 4500
001 ABS48118
008 090401t1993 xxu||||| |||| 00| 0 eng d
035 _a(Sirsi) u65091
041 _aeng
100 _aLand, H.
245 _aProfessional competence: assessing the APC
260 _c1993
350 _a0
490 _aEstates Gazette
_v(9307) 20 February 1993, 37(1)
520 _aOutlines the methods of assessing candidates for entry into the profession introduced in Autumn 1992. Touches on the training requirement for assessors, and on reactions to the first set of results. Concluded with reference to RICS-approved courses in other EC countries and the difficulties of examining foreign nationals which will ensue.
650 _aAPC
_96216
650 _aEDUCATION AND TRAINING
650 _aEUROPE
650 _aINTERVIEWS
650 _aRICS
690 _aMANAGEMENT-BUSINESS MANAGEMENT-PROFESSIONAL PRACTICE
942 _n0
948 _c04/03/1997
999 _c40571
_d40571